[Event "CZE-chT"]
[Site "?"]
[Date "1994.??.??"]
[Round "?"]
[White "Jurek, Josef"]
[Black "Pekarek, Ales"]
[Result "1/2-1/2"]
[WhiteElo "2280"]
[BlackElo "2415"]

1.Nf3 d5 2.g3 c6 3.Bg2 g6 4.c4 d4 5.e3 dxe3 6.fxe3 Bg7 7.d4 Nh6 8.O-O O-O
9.Nc3 Bg4 10.h3 Bxf3 11.Qxf3 Nf5 12.Qf2 Nd7 13.Rd1 a5 14.e4 Nd6 15.c5 Ne8
16.e5 Nc7 17.Qe2 Ne6 18.Be3 Qe8 19.Rd2 Kh8 20.Re1 Rc8 21.a3 Ra8 22.b4 axb4
23.axb4 Ra3 24.Qc4 Qa8 25.Kh2 Nc7 26.Bg5 e6 27.Ne4 Nd5 28.Nd6 h6 29.Bxd5 exd5
30.Qc2 hxg5 31.e6 fxe6 32.Qxg6 Ra2 33.Ree2 Rxd2 34.Rxd2 Qa1 35.Nf7+ Rxf7
36.Qxf7 Nf6 37.Qxe6 Qf1 38.Re2 g4 39.hxg4 Ne4 40.Qe8+ Kh7 41.Qh5+ Kg8 42.Qe8+ Kh7  1/2-1/2

[Event "CZE-chT"]
[Site "?"]
[Date "1994.??.??"]
[Round "?"]
[White "Pekarek, Ales"]
[Black "Masternak, Grzegorz"]
[Result "1/2-1/2"]
[WhiteElo "2415"]
[BlackElo "2340"]

1.Nf3 d5 2.g3 Nf6 3.Bg2 c6 4.O-O Bg4 5.d4 Nbd7 6.Bf4 e6 7.Nbd2 Be7 8.h3 Bxf3
9.Bxf3 Qb6 10.Nb3 O-O 11.a4 a5 12.Qd3 Rfe8  1/2-1/2

[Event "CZE-chT"]
[Site "?"]
[Date "1994.??.??"]
[Round "?"]
[White "Smejkal, Jan"]
[Black "Blatny, Pavel"]
[Result "1-0"]
[WhiteElo "2520"]
[BlackElo "2525"]

1.Nf3 d5 2.g3 c6 3.Bg2 Bg4 4.O-O Nd7 5.d4 e6 6.b3 Bd6 7.c4 Ngf6 8.Bb2 Bxf3
9.Bxf3 O-O 10.Nd2 Re8 11.Bg2 Qe7 12.Rc1 Rad8 13.Qc2 Ba3 14.Rfd1 Nb6 15.e3 dxc4
16.Bxa3 Qxa3 17.bxc4 Qe7 18.c5 Nc8 19.Nc4 Rd7 20.Rb1 Rc7 21.Rb3 Nd7 22.Na5 Nb8
23.Rc1 Qd7 24.Nc4 Re7 25.Rcb1 Qd8 26.R1b2 f6 27.Qb1 Qd7 28.a4 Na6 29.Bf1 e5
30.Na5 b6 31.Bxa6 bxa5 32.Rb8 Re8 33.dxe5 fxe5 34.R2b7 Rxb7 35.Qxb7 Qxb7
36.Rxb7 Kf8 37.e4 Ne7 38.Bc4 Ra8 39.Kf1 g5 40.Ke2 Rd8 41.Bb3 Rd4 42.Ke3 Rb4
43.Rxb4 axb4 44.a5 Kg7 45.Be6 h5 46.Kd3 h4 47.Kc4 Kg6 48.Kxb4 Kh5 49.f3 hxg3
50.hxg3 Kg6 51.Kc4 Kf6 52.Bd7 Kf7 53.Kd3 Kf6 54.Ke2 Kf7 55.Kf2 Kf6 56.Kg2 Ng6
57.Kh3 Nf8 58.Bf5 Kg7 59.Kg4 Kh6 60.a6  1-0

[Event "Debrecen-ch"]
[Site "Debrecen"]
[Date "1994.??.??"]
[Round "8"]
[White "Kanyadi, Zoltan"]
[Black "Donka, Peter"]
[Result "1/2-1/2"]
[WhiteElo "2150"]
[BlackElo "2220"]

1.Nf3 d5 2.g3 Nc6 3.d4 Bf5 4.Bg2 Nb4 5.Na3 e6 6.O-O Be7 7.c3 Nc6 8.Re1 Nf6
9.Nh4 Bg4 10.h3 Bh5 11.Nf3 Ne4 12.Ne5 Nxe5 13.dxe5 Bxa3 14.Qa4+ c6 15.Qxa3 Qc7
16.Bxe4 dxe4 17.Bf4 h6 18.g4 Bg6 19.Bg3 e3 20.f4 h5 21.c4 hxg4 22.hxg4 Qb6
23.c5 Qb5 24.Qxe3 Qxb2 25.f5 exf5 26.Reb1 f4 27.Rxb2 fxe3 28.Rb4 O-O-O 29.Kg2 f6
30.exf6 gxf6 31.Rf1 Bf7 32.Bd6 Bd5+ 33.Kg3 Rh6 34.Rbf4 b5 35.a3 Bc4 36.Rxf6 Bxe2
37.Rxh6 Bxf1 38.Re6 e2 39.g5 a5 40.g6 Rg8 41.Kf2 Kd8 42.Rf6 Kd7 43.Bf8 Bh3
44.g7 Be6 45.Kxe2 b4 46.axb4 axb4 47.Kd2 Bd5 48.Rf4 b3 49.Kc3 Ke6 50.Rd4 Ke5
51.Rd2 Ke6 52.Rd4 Kd7 53.Rb4 Ke8 54.Rd4 Kf7 55.Rxd5 cxd5 56.Kxb3 Ke6 57.Kc3 Kd7
58.Kd3 Ke6 59.Kd4 Kd7 60.Kd3 Kc7 61.Kc3  1/2-1/2

[Event "DEN-chT 9495"]
[Site "?"]
[Date "1994.??.??"]
[Round "3"]
[White "Holst, Allan"]
[Black "Christensen, Tobias"]
[Result "1-0"]
[WhiteElo "2340"]
[BlackElo "2375"]

1.Nf3 d5 2.g3 c5 3.Bg2 Nc6 4.O-O e5 5.d3 Be7 6.c4 Nf6 7.cxd5 Nxd5 8.Nc3 Nc7
9.Nd2 Qd7 10.Qa4 Nd4 11.Qxd7+ Kxd7 12.Nc4 f6 13.f4 exf4 14.gxf4 Nc6 15.f5 b5
16.Ne3 Rb8 17.Bd2 Nd4 18.Rf2 Bb7 19.Bxb7 Rxb7 20.Rc1 Rc8 21.Ne4 Na6 22.Kf1 Bf8
23.h4 Nb4 24.Nc3 Nbc6 25.Ng4 Ne7 26.Ne4 c4 27.Ne3 cxd3 28.Nc5+ Rxc5 29.Rxc5 dxe2+
30.Ke1 Nec6 31.Rd5+ Ke8 32.Rf4 Rd7 33.Re4+ Kd8 34.Bc3 Rxd5 35.Nxd5 Bc5 36.Nf4 Bb6
37.Bxd4 Nxd4 38.Rxd4+ Bxd4 39.Ne6+ Kd7 40.Nxd4 Kd6  1-0

[Event "DEN-chT 9495"]
[Site "?"]
[Date "1994.??.??"]
[Round "3"]
[White "Jorgensen, Jorgen"]
[Black "Poulsen, Allan"]
[Result "1-0"]
[WhiteElo "2305"]
[BlackElo "2320"]

1.Nf3 d5 2.g3 c5 3.Bg2 Nc6 4.d4 e6 5.O-O Nf6 6.c4 Be7 7.Nc3 O-O 8.cxd5 exd5
9.dxc5 Bxc5 10.Na4 Be7 11.Nd4 Ne4 12.Be3 Ne5 13.Rc1 b6 14.Bf4 Ng6 15.Nc6 Qd7
16.Nxe7+ Qxe7 17.Be3 Be6 18.Nc3 Rad8 19.Nb5 Qd7 20.a4 Qe7 21.Nd4 Rc8 22.Nxe6 Qxe6
23.Qd4 Ne7 24.Qd3 Nc5 25.Qa3 Ne4 26.a5 Nf5 27.Bh3 g6 28.axb6 axb6 29.Rfd1 b5
30.Rxc8 Rxc8 31.Qb3 Ned6 32.Qd3 Rc4 33.b3 Rc8 34.Bf4 Ne4 35.Qxd5 Qxd5 36.Rxd5 Nc3
37.Rd2 Ra8 38.Bxf5 gxf5 39.Be5 Ne4 40.Rd5 f6 41.f3 fxe5 42.fxe4 f4 43.Rxe5 fxg3
44.hxg3 Rb8 45.Kf2 b4 46.Re7 Rf8+ 47.Kg2 Rb8 48.Rc7 Rb6 49.g4 Rg6 50.Kf3 Rf6+
51.Kg3 Rf1 52.Rc4 Kg7 53.Rxb4 Kf6 54.Rb5 Ke6 55.Rb7 Rg1+ 56.Kf4 Rf1+ 57.Kg5 Rh1
58.Rb6+ Ke5 59.Rh6 Rb1 60.Rxh7 Rxb3 61.Re7+ Kd6 62.Kf6 Re3 63.e5+ Kc6 64.g5 Rxe2
65.g6 Rf2+ 66.Ke6  1-0

[Event "Elgoibar"]
[Site "Elgoibar"]
[Date "1994.??.??"]
[Round "?"]
[White "Ubilava, Elizbar"]
[Black "San Segundo, Pablo"]
[Result "1/2-1/2"]
[WhiteElo "2535"]
[BlackElo "2470"]

1.Nf3 d5 2.g3 c6 3.d3 Bg4 4.Nbd2 Nd7 5.h3 Bh5 6.Bg2 e5 7.O-O Bd6 8.Nh4 Ne7
9.g4 Bg6 10.e4 Nc5 11.exd5 cxd5 12.Nb3 Ne6 13.c4 Bc7 14.Be3 d4 15.Bc1 Rb8
16.a4 O-O 17.Re1 h6 18.Qf3 e4 19.dxe4 Nc6 20.Nf5 Ne5 21.Qd1 d3 22.c5 b6 23.f4 Nc4
24.Nd6 bxc5 25.Nxc4 Bxf4 26.Bxf4 Nxf4 27.Nbd2 Rb4 28.Rc1 Ne2+ 29.Rxe2 dxe2
30.Qxe2 Rxa4 31.Qf2 Qd4 32.Qxd4 cxd4 33.Nd6 f6 34.Bf1 Rd8 35.Rc6 d3 36.Kf2 Rd4
37.Nf5 Bxf5 38.gxf5 a5 39.Ke3 a4 40.Rc4 Rxc4 41.Nxc4 d2 42.Nxd2 Rb8 43.Nc4 g5
44.fxg6 Kg7 45.Bd3 Rb3 46.e5 fxe5 47.h4 e4 48.Kxe4 Kxg6 49.Bc2 Rb4 50.Kd4+ Kh5
51.Kc3 Rb8 52.Bxa4 Kxh4 53.b4 Kg3 54.Bd1 Rb5 55.Nd2 Kf4 56.Kc4 Rb8 57.b5 Rd8
58.Kc3 Rb8 59.Kc4 Rd8 60.Kc3 Rb8 61.Kb4 Rd8  1/2-1/2

[Event "RUS-ch"]
[Site "Elista"]
[Date "1994.??.??"]
[Round "7"]
[White "Vaulin, Alexander"]
[Black "Pushkov, Nikolai"]
[Result "0-1"]
[WhiteElo "2550"]
[BlackElo "2485"]

1.g3 d5 2.Nf3 c6 3.Bg2 Bg4 4.c4 e6 5.cxd5 exd5 6.O-O Nd7 7.d3 Ngf6 8.Nc3 Be7
9.Qc2 O-O 10.e4 Nb6 11.Ne5 Be6 12.f4 dxe4 13.dxe4 Nc4 14.Nxc4 Bxc4 15.Rf3 Ng4
16.Bf1 Qd4+ 17.Kg2 Rad8 18.Bxc4 Qxc4 19.h3 Nf6 20.b3 Qa6 21.Bb2 Rd7 22.Rd1 Rxd1
23.Qxd1 Rd8 24.Qf1 Qxf1+ 25.Kxf1 Bb4 26.e5 Rd2 27.exf6 Rxb2 28.Ne4 Rxa2 29.Rd3 gxf6
30.Rd7 b5 31.Nxf6+ Kg7 32.Nh5+ Kf8 33.f5 a5 34.f6 Ke8 35.Rc7 a4 36.bxa4 bxa4
37.Ng7+ Kd8 38.Rxf7 a3 39.Rb7 Bd6 40.f7 Kc8 41.Nf5 Bc5  0-1

[Event "RUS-ch"]
[Site "Elista"]
[Date "1994.??.??"]
[Round "9"]
[White "Ivanov, Mikhail M"]
[Black "Yasinsky, V."]
[Result "0-1"]
[WhiteElo "2475"]
[BlackElo "2360"]

1.Nf3 d5 2.g3 c6 3.Bg2 Nf6 4.O-O Bg4 5.b3 Nbd7 6.Bb2 e6 7.c4 Be7 8.d3 O-O
9.Nbd2 a5 10.a3 h6 11.Qe1 b5 12.e4 Qb6 13.Rb1 Rfd8 14.h3 Bh5 15.Bd4 Qb7 16.a4 bxa4
17.bxa4 Bb4 18.Qe3 Qa6 19.Rfc1 Bg6 20.cxd5 cxd5 21.e5 Ne8 22.Bf1 Rdc8 23.Nb3 Ba3
24.Rxc8 Rxc8 25.Bb2 Bb4 26.Rc1 Rxc1 27.Bxc1 Qc6 28.Qa7 Qxa4 29.Nxa5 Bxa5
30.Bd2 Qd1 31.Qxd7 Bxd2 32.Qxe8+ Kh7 33.Nxd2 Qxd2 34.h4 Qe1 35.Kg2 Qxe5 36.Qa8 Qd4
37.Qa3 Bf5 38.Qb3 h5 39.Qa3 e5 40.Qe7 Be6 41.Qg5 g6 42.Qd2 e4 43.Qc2 e3 44.fxe3 Qxe3
45.Qc7 Qd2+ 46.Kg1 Qe3+ 47.Kg2 d4 48.Qd6 Kg7 49.Qc5 Bg4 50.Qd5 Be2  0-1

[Event "RUS-ch"]
[Site "Elista"]
[Date "1994.??.??"]
[Round "9"]
[White "Makarov, Marat"]
[Black "Notkin, Maksim"]
[Result "1/2-1/2"]
[WhiteElo "2525"]
[BlackElo "2465"]

1.g3 d5 2.Nf3 Nf6 3.Bg2 c6 4.O-O Bg4 5.c4 Nbd7 6.cxd5 cxd5 7.d3 e6 8.Nc3 Bc5
9.Bf4 O-O 10.Na4 Be7 11.Qb3 Qa5 12.Rfc1 b5 13.Nc3 a6 14.a3 Rfc8 15.Qd1 Qd8
16.b4 Bxf3 17.Bxf3 Qf8 18.e4 Bd6 19.exd5 Bxf4 20.gxf4 Rab8 21.dxe6 fxe6 22.Qe2 Qd6
23.Qe3 Rf8 24.Re1 Rbe8 25.Rac1 Nb6 26.Ne4 Nxe4 27.Bxe4 Nd5 28.Bxd5 exd5 29.Qxe8 Rxe8
30.Rxe8+ Kf7 31.Re3 Qxf4 32.Rc6 h5 33.Kg2 Kg8 34.Rf3 Qe5 35.Rxa6 h4 36.h3 Qg5+
37.Kh2 Qe5+ 38.Kh1 Qa1+ 39.Kg2 Qc1 40.Rg6 Qxa3 41.Rg4 Qc3 42.Rxh4 d4 43.Rff4 Qxb4
44.Rxd4 Qe7 45.Rhg4 Qb7+ 46.Kg1 Qc6 47.h4 Qc1+ 48.Kg2 Qc6+ 49.Rge4 Qg6+ 50.Kf1 Qh5
51.Re7 Kh7 52.Ke1 Qc5 53.Rdd7 Qc1+ 54.Ke2 Qc2+ 55.Ke3 Qc1+ 56.Kd4 Qf4+ 57.Kc3 Qc1+
58.Kb4 Qb2+ 59.Kc5 Qf6 60.Kxb5 Qb2+ 61.Kc4 Qc2+ 62.Kd4 Qxf2+ 63.Kd5 Qa2+
64.Kd6 Qa3+ 65.Ke6 Qa2+ 66.Kd6 Qa3+ 67.Ke5 Qa5+ 68.Kf4 Qd2+ 69.Kg3 Kh6 70.d4 Qd3+
71.Kf4 Qd2+ 72.Ke5 Qe3+ 73.Kd5 Qb3+ 74.Ke4 Qc2+ 75.Ke5 Qe2+ 76.Kd6 Qa6+ 77.Kd5 Qa2+
78.Ke5 Qe2+ 79.Kd5  1/2-1/2

[Event "RUS-ch"]
[Site "Elista"]
[Date "1994.??.??"]
[Round "11"]
[White "Makarov, Marat"]
[Black "Yasinsky, V."]
[Result "1/2-1/2"]
[WhiteElo "2525"]
[BlackElo "2360"]

1.Nf3 d5 2.g3 Nf6 3.Bg2 c6 4.O-O Bg4 5.d3 Nbd7 6.Nbd2 e5 7.e4 dxe4 8.dxe4 Be7
9.h3 Bh5 10.Qe1 Qc7  1/2-1/2

[Event "Petrosian mem"]
[Site "Erevan"]
[Date "1994.??.??"]
[Round "?"]
[White "Vaganian, Rafael A"]
[Black "Vasiukov, Evgeni"]
[Result "1/2-1/2"]
[WhiteElo "2625"]
[BlackElo "2505"]

1.Nf3 d5 2.g3 c6 3.Bg2 Bg4 4.d3 e6 5.O-O Nf6 6.Nbd2 Be7 7.e4 O-O 8.h3 Bh5
9.Qe1 Qb6 10.Kh1 Nbd7 11.Nh4 dxe4 12.dxe4 Ne8 13.Nhf3 Qc5 14.c3 e5 15.Nb3 Qb5
16.Nfd2 a5 17.a4 Qa6 18.Qe3 Nd6 19.g4 Bg6 20.Rd1 Rfd8 21.Bf1 Qb6 22.Qxb6 Nxb6
23.Re1 f6 24.Nc5 Bf7 25.b3 Ne8 26.Nd3 Nc7 27.Nb2 Ne6 28.Nbc4 Bc5 29.Kg1 Nd7
30.Nf3 Ndf8 31.Nh4 Ng6 32.Nxg6 Bxg6 33.Nxa5 Rxa5 34.b4 Bxb4 35.cxb4 Raa8
36.Bc4 Bf7 37.Bxe6 Bxe6 38.Be3 Rd3 39.b5 Bb3 40.bxc6 bxc6 41.a5 Bc4 42.Rec1 Bb5
43.Kg2 Kf7 44.Bb6 Kg6 45.Rd1 h5 46.Rxd3 Bxd3 47.Kf3 hxg4+ 48.hxg4 Ba6 49.Rd1 Rh8
50.Kg2 Be2 51.Rd2 Bb5 52.f3 Ra8 53.Rd7 Ba6  1/2-1/2

[Event "EUCup Gr1"]
[Site "Eupen"]
[Date "1994.??.??"]
[Round "?"]
[White "Pigusov, Evgeny"]
[Black "Prie, Eric"]
[Result "1/2-1/2"]
[WhiteElo "2575"]
[BlackElo "2475"]

1.Nf3 d5 2.g3 c6 3.Bg2 Bg4 4.b3 Nd7 5.Bb2 Ngf6 6.c4 e6 7.O-O a5 8.d3 a4 9.Nbd2 axb3
10.axb3 Bb4 11.Rxa8 Qxa8 12.Qc2 O-O 13.Ra1 Qb8 14.Bc3 Bxc3 15.Qxc3 e5 16.h3 Bxf3
17.Bxf3 Re8 18.Bg2 e4 19.dxe4 Nxe4 20.Nxe4 dxe4 21.Qd4 Nf6 22.Rd1 h5 23.e3 Qc7
24.b4 Qe7 25.b5 c5 26.Qd6 Qxd6 27.Rxd6 Kf8 28.Rd2 Ke7 29.f4 Ra8 30.Kf2 Ra4
31.Bf1 b6 32.Be2 g6 33.g4 hxg4 34.hxg4 Ne8 35.Rd5 f6 36.g5 f5 37.Re5+ Kd7
38.Rxe8 Kxe8 39.Bf1 Ra2+ 40.Be2 Ra1 41.Bf1  1/2-1/2

[Event "EUCup Gr1"]
[Site "Eupen"]
[Date "1994.??.??"]
[Round "?"]
[White "Belotti, Bruno"]
[Black "Conquest, Stuart"]
[Result "1/2-1/2"]
[WhiteElo "2455"]
[BlackElo "2505"]

1.Nf3 d5 2.g3 Bg4 3.Bg2 Nd7 4.d3 c6 5.Nbd2 e6 6.O-O Bd6 7.e4 Ne7 8.h3 Bh5
9.Qe1 h6 10.b3 O-O 11.Bb2 a5 12.e5 Bc7 13.a3 Qb8 14.g4 Bg6 15.Qe2 Bh7 16.Rae1 Ng6
17.Qe3 Bb6 18.d4 f6 19.exf6 Rxf6 20.Qe2 Qa7 21.Qd1 Nf4 22.Re3 Raf8 23.c4 R6f7
24.c5 Bc7 25.b4 Qa6 26.Bc3 Bd3 27.Rfe1 Nxg2 28.Kxg2 Nf6 29.Nb3 Be4 30.Nd2 Bf4
31.Nxe4 dxe4 32.Rxe4 Nxe4 33.Rxe4 Bg5 34.Ne5 Rxf2+ 35.Kg3 Rf1 36.Qe2 Bf4+
37.Kg2 Bxe5 38.Rxe5 R1f2+ 39.Qxf2 Rxf2+ 40.Kxf2 Qc4 41.Re3 a4 42.Bb2 e5  1/2-1/2

[Event "Eupen op act"]
[Site "Eupen"]
[Date "1994.??.??"]
[Round "7"]
[White "Vaganian, Rafael A"]
[Black "Khalifman, Alexander"]
[Result "1/2-1/2"]
[WhiteElo "2625"]
[BlackElo "2660"]

1.Nf3 d5 2.g3 c6 3.Bg2 Bg4 4.O-O Nd7 5.d3 Ngf6 6.Nbd2 e5 7.e4 Bd6 8.h3 Bh5
9.exd5 cxd5 10.c4 O-O 11.cxd5 Nxd5 12.Qb3 N5b6 13.Ne4 Be7 14.a4 Kh8 15.a5 f5
16.Neg5 Nc5 17.Qc3 Nd5 18.Qc4 e4 19.dxe4 fxe4 20.Nd4 Rc8 21.h4 h6 22.Bh3 Rc7
23.Nb5 hxg5 24.Nxc7 Nxc7 25.Bxg5 Bf7  1/2-1/2

[Event "ITA-ch53"]
[Site "Filettino"]
[Date "1994.??.??"]
[Round "6"]
[White "Redo, Nicola"]
[Black "Lucaroni, Massimiliano"]
[Result "1/2-1/2"]
[WhiteElo "2210"]
[BlackElo "2290"]

1.Nf3 d5 2.g3 c6 3.Bg2 Bg4 4.c4 e6 5.d4 Nd7 6.O-O Ngf6 7.Qb3 Qb6 8.Bf4 Be7
9.Nbd2 O-O 10.h3 Bh5 11.Rfe1 Qxb3  1/2-1/2

[Event "ITA-ch53"]
[Site "Filettino"]
[Date "1994.??.??"]
[Round "9"]
[White "Belotti, Bruno"]
[Black "Arlandi, Ennio"]
[Result "1/2-1/2"]
[WhiteElo "2420"]
[BlackElo "2430"]

1.Nf3 d5 2.g3 Nf6 3.Bg2 e6 4.O-O Be7 5.d3 c5 6.Nbd2 Nc6 7.e4 Qc7 8.Re1 b6
9.h4 h6 10.Qe2 Bb7 11.e5 Nd7 12.Nf1 O-O-O 13.c3 Kb8 14.a3 Ba6 15.c4 dxc4
16.dxc4 Na5 17.N1d2 g5 18.hxg5 hxg5 19.Nh2 Bb7 20.Ng4 Bxg2 21.Kxg2 Qb7+ 22.Qe4 Nf8
23.Qxb7+ Kxb7 24.b3 Ng6 25.Rb1 Rd3 26.b4 cxb4 27.axb4 Nc6 28.b5 Na5 29.Ne4 Nxc4
30.Bxg5 Na3 31.Bxe7 Nxb1 32.Bf6 Nc3 33.Nd6+ Kc7 34.Bxh8 Nxh8 35.Rh1 Ng6 36.Rh7 Rxd6
37.exd6+ Kxd6 38.Rxf7 Nxb5 39.Ne3 Ne5 40.Rb7 Nd7 41.f4 Kc6 42.Rxd7 Kxd7 43.Kf3 Nd6
44.g4 a5 45.Ke2 b5 46.Kd3 b4 47.g5 Ke7 48.Kd4 a4 49.Nf1 b3 50.Kc3 Ne4+ 51.Kb2 Kf7
52.Ne3 Nd2 53.Ka3 Kg6 54.Kb2 Ne4 55.Nc4 Kf5 56.Nb6 Nc5 57.Ka3 Kg6 58.Nc4 Nd3
59.Nd2  1/2-1/2

[Event "FIN-chT"]
[Site "?"]
[Date "1994.??.??"]
[Round "?"]
[White "Maki, Veijo"]
[Black "Manninen, Marko"]
[Result "1/2-1/2"]
[WhiteElo "2405"]
[BlackElo "2375"]

1.g3 d5 2.Nf3 Nf6 3.Bg2 g6 4.O-O Bg7 5.d3 O-O 6.Nbd2 Nc6 7.e4 e5 8.c3 h6
9.b4 dxe4 10.dxe4 Qd3 11.Bb2 Rd8 12.Re1 Bg4 13.Qa4 a6 14.Bf1 Qd6 15.h3 Be6
16.Qc2 Nd7 17.Nc4 Qf8 18.a4 Nb6 19.Ne3 f5 20.b5 axb5 21.axb5 Rxa1 22.Bxa1 f4
23.bxc6 fxe3 24.Rxe3 bxc6 25.c4 Qc5 26.Bb2 Ra8 27.Nd2 Kh7 28.h4 Ra2 29.Qc1 Qb4
30.Rb3 Qa4 31.Ra3 Rxa3 32.Bxa3 Bf6 33.Bc5 Bg7 34.Ba3 Bf6 35.Bb2 Nd7 36.Nf3 Qb3
37.Be2 Kg7 38.Qa1 Qc2 39.Bf1 Qxe4 40.Bg2 Qe2 41.h5 Bxc4 42.hxg6 Bd5 43.Qa3 Kxg6
44.Nh2 Bxg2 45.Kxg2 Nb6 46.Bc1 Qe4+ 47.Kh3 Nd5 48.Qf8 Bg7 49.Qe8+ Kh7 50.Qd7 c5
51.f3 Qd3 52.Qf7 Nf6 53.Qxc7 Qd7+ 54.Qxd7 Nxd7 55.Ng4 Kg6 56.Ne3 h5 57.Nc4 Bf6
58.Be3 Kf5 59.Nd2 Be7 60.g4+ hxg4+ 61.fxg4+ Ke6 62.Kg3 Kd5 63.Kf3 c4 64.Ne4 Bb4
65.g5 Ke6 66.Kg4 c3 67.g6 Nf6+ 68.Kf3 c2 69.g7 Kf7  1/2-1/2

[Event "Finkenstein op"]
[Site "Finkenstein"]
[Date "1994.??.??"]
[Round "?"]
[White "Velickovic, Zoran"]
[Black "Wiedermann, Franz"]
[Result "0-1"]
[WhiteElo "2325"]
[BlackElo "2155"]

1.Nf3 d5 2.g3 Nf6 3.c4 c6 4.Bg2 Bf5 5.cxd5 cxd5 6.Qb3 Qb6 7.Nc3 Qxb3 8.axb3 Nc6
9.O-O e6 10.d3 Be7 11.Be3 O-O 12.Nd4 Nxd4 13.Bxd4 a6 14.e4 dxe4 15.dxe4 Bg6
16.Rfd1 Nd7 17.Bxg7 Rfd8 18.Bh6 Nc5 19.b4 Nd3 20.b5 Nxb2 21.Rxd8+ Rxd8 22.bxa6 bxa6
23.Rxa6 Bb4 24.Rc6 Bf8 25.Bg5 Ra8 26.h4 Nd3 27.Bf6 Bg7 28.Bxg7 Kxg7 29.Rc7 Ra1+
30.Bf1 Bh5 31.Kg2 Ne1+ 32.Kh3 Bf3 33.Be2 Rc1 34.Bxf3 Nxf3 35.Nb5 Rxc7 36.Nxc7 Nd2
37.e5 Nf3 38.Ne8+ Kg6 39.Kg4 Nxe5+ 40.Kf4  0-1

[Event "Finkenstein op"]
[Site "Finkenstein"]
[Date "1994.??.??"]
[Round "?"]
[White "Velickovic, Zoran"]
[Black "Holzbauer, Johannes"]
[Result "1/2-1/2"]
[WhiteElo "2325"]
[BlackElo "2025"]

1.Nf3 d5 2.g3 Nf6 3.Bg2 g6 4.c4 c6 5.d4 Bg7 6.cxd5 cxd5 7.Nc3 O-O 8.O-O Nc6
9.Ne5 e6 10.Nxc6 bxc6 11.Na4 Nd7 12.Bf4 Qe7 13.Rc1 g5 14.Be3 Bb7 15.Qd2 h6
16.f4 f5 17.Nc5 Nxc5 18.Rxc5 g4 19.Rfc1 Rfc8 20.Bf2 Bf8 21.Qe3 Kf7 22.h3 h5
23.Kh2 Qf6 24.R5c2 a5 25.Qb3 Qe7 26.a3 a4 27.Qe3 Qd7 28.Rh1 Bd6 29.Kg1 Rh8
30.Qc1 Ba6 31.Bf1 Bb5  1/2-1/2

[Event "Finkenstein op"]
[Site "Finkenstein"]
[Date "1994.??.??"]
[Round "?"]
[White "Sereinig, Eduard"]
[Black "Sveshnikov, Evgeny"]
[Result "0-1"]
[WhiteElo "2105"]
[BlackElo "2585"]

1.Nf3 d5 2.g3 Nf6 3.Bg2 c6 4.O-O Bf5 5.d3 e6 6.Nc3 Nbd7 7.Nh4 Bg4 8.f3 Bh5
9.e4 Be7 10.g4 Bg6 11.f4 dxe4 12.dxe4 Nxe4 13.Bxe4 Bc5+ 14.Kh1 Qxh4 15.f5 exf5
16.Bxf5 O-O-O 17.Bf4 Bxf5 18.gxf5 Nf6 19.Qf3 Rhe8 20.b4 Bd6 21.Bxd6 Rxd6
22.Rf2 Qxb4 23.Rb1 Qc5 24.Qg3 Rd4 25.Rff1 Rg4 26.Qh3 Re3 27.Rf3 Rxf3 28.Qxf3 Rc4  0-1

[Event "Finkenstein op"]
[Site "Finkenstein"]
[Date "1994.??.??"]
[Round "?"]
[White "Sereinig, Eduard"]
[Black "Emberger, Juergen"]
[Result "1/2-1/2"]
[WhiteElo "2105"]
[BlackElo "2010"]

1.Nf3 d5 2.g3 e6 3.Bg2 Bd6 4.O-O Nf6 5.d3 O-O 6.Nc3 c6 7.e4 dxe4 8.dxe4 e5
9.Qe2 Qe7 10.Nh4 Bg4 11.f3 Be6 12.Nf5 Bc5+ 13.Kh1 Bxf5 14.exf5 Nd5 15.Ne4 f6
16.c4 Nb6 17.Nxc5 Qxc5 18.b3 Qe7 19.f4 Re8 20.Qg4 N8d7 21.Bb2 Qb4 22.Rad1 exf4
23.gxf4 Re7 24.Rd3 Re1 25.Bc3 Rxf1+ 26.Bxf1 Qe7 27.Rg3 Nc5 28.Bb4 Nbd7 29.Rg2 Re8
30.Be2 Qf7 31.Qh4 Re4 32.Bh5 Qe7 33.Qg3 Kh8 34.Bf3 Re3 35.Qg4 Qf8 36.Qg3 Qe7
37.h4 Kg8 38.Qg4 Qf8 39.Kh2 Kh8 40.Bd2 Re7 41.Bb4 Re3 42.Rd2 Qe8 43.Rg2 Qf7
44.Bd2 Re7 45.Bb4 Re3 46.Bd2  1/2-1/2

[Event "Finkenstein op"]
[Site "Finkenstein"]
[Date "1994.??.??"]
[Round "?"]
[White "Kraschl, Joerg"]
[Black "Fuchs, G."]
[Result "1-0"]
[WhiteElo "2210"]
[BlackElo "1985"]

1.Nf3 d5 2.g3 g6 3.Bg2 Bg7 4.O-O Nf6 5.d3 O-O 6.Nbd2 c5 7.e4 dxe4 8.dxe4 Nc6
9.c3 e5 10.Qc2 Qe7 11.Re1 Be6 12.Ng5 Bd7 13.Nc4 Rad8 14.Ne3 h6 15.Nf3 Be6
16.Bf1 Ng4 17.Bb5 Nb8 18.Nxg4 Bxg4 19.Nd2 a6 20.Bc4 Be6 21.Qb3 Bxc4 22.Nxc4 b5
23.Ne3 c4 24.Qc2 Nd7 25.Nd5 Qe6 26.Be3 f5 27.f3 Nf6 28.Nxf6+ Qxf6 29.exf5 gxf5
30.Rad1 h5 31.Rxd8 Rxd8 32.Rd1 Rxd1+ 33.Qxd1 h4 34.g4 fxg4 35.fxg4 h3 36.Qd5+ Kh8
37.Qe4 Kg8 38.a4 Qd8 39.axb5 axb5 40.Kf2 Qd3 41.Qxd3 cxd3 42.Kf3 Kf7 43.Ke4 Ke6
44.b3 Bf6 45.Kxd3 Bh4 46.Ke4 Bg3 47.Bg1 Bf4 48.c4 bxc4 49.bxc4 Kf6 50.Kd5 Kg5
51.Ke4 Kf6 52.c5 Ke6 53.c6 Kd6 54.Kf5 Kxc6 55.g5 Kd5 56.g6 Bh6 57.Be3 Bg7
58.Bg5 e4 59.Bf6 Bh6 60.g7 Bxg7 61.Bxg7 e3 62.Bc3 Kc4 63.Ba5 Kd3 64.Kg4 Ke4
65.Kxh3  1-0

[Event "Formia op"]
[Site "Formia"]
[Date "1994.??.??"]
[Round "5"]
[White "Loeffler, Stefan"]
[Black "Leoncini, Mario"]
[Result "1/2-1/2"]
[WhiteElo "2440"]
[BlackElo "2195"]

1.Nf3 d5 2.g3 Nf6 3.Bg2 e6 4.O-O Be7 5.c4 O-O 6.b3 b6 7.Bb2 Bb7 8.e3 Nbd7
9.Nc3 c5 10.Qc2 Rc8 11.Ne2 Rc7 12.d3 Qa8 13.cxd5 Nxd5 14.Qd2 Nb4 15.e4 Bf6
16.Nf4 Bxb2 17.Qxb2 Nf6 18.a3 Nc6 19.b4 c4 20.Rac1 Ne7 21.Ne5 b5 22.g4 Ng6
23.Nfxg6 hxg6 24.f3 Rfc8 25.dxc4 bxc4 26.Rc3 Nd7 27.Nxd7 Rxd7 28.Rfc1 Qb8
29.Bf1 Qf4 30.Qf2 Rd2 31.Qg3 Qf6 32.Rxc4 Rxc4 33.Rxc4 Qa1 34.g5 Qxa3 35.Qf4 Rd1
36.Rc7 Qa1 37.Kg2 Rxf1 38.Rxb7 Rg1+ 39.Kh3 Qf1+ 40.Kh4 Qf2+ 41.Kh3 Qf1+ 42.Kh4 Qf2+
43.Kh3 Qg2+ 44.Kh4 Qf2+  1/2-1/2

[Event "Formia op"]
[Site "Formia"]
[Date "1994.??.??"]
[Round "7"]
[White "Dizdarevic, Emir"]
[Black "Kharkova, Elena"]
[Result "1-0"]
[WhiteElo "2515"]
[BlackElo "2195"]

1.Nf3 d5 2.g3 c6 3.Bg2 Bg4 4.O-O Nd7 5.d4 e6 6.Nbd2 Ngf6 7.Re1 Be7 8.e4 Nb6
9.c3 O-O 10.Qb3 Bh5 11.a4 Rb8 12.a5 Nc8 13.Ne5 Bd6 14.a6 Qc7 15.Nd3 dxe4
16.Nxe4 Nxe4 17.Bxe4 b6 18.Nf4 Bg4 19.Qc2 g6 20.Nd3 Ne7 21.Ne5 Bf5 22.Nc4 Rbc8
23.Bg5 Rfe8 24.Qd2 Bxe4 25.Rxe4 Nf5 26.Nxd6 Nxd6 27.Re2 Nc4 28.Qc1 f5 29.Bf4 Qd7
30.b3 Nd6 31.Qc2 Nf7 32.Rae1 Rcd8 33.h4 Rc8 34.Rd2 Rcd8 35.Qa2 Qc8 36.Rde2 Qd7
37.Be5 Rc8 38.Bf6 c5 39.dxc5 Rxc5 40.b4 Rd5 41.Qc4 Rc8 42.Rxe6 Ne5 43.Qxd5 Qxd5
44.R6xe5 Qf7 45.Bg5 Qf8 46.Re7 f4 47.Bxf4 Qf5 48.Rxa7  1-0

[Event "FRA-chT "]
[Site "FRA"]
[Date "1994.??.??"]
[Round "?"]
[White "Anic, Darko"]
[Black "Szabolcsi, Janos"]
[Result "1/2-1/2"]
[WhiteElo "2450"]
[BlackElo "2445"]

1.Nf3 d5 2.g3 c6 3.Bg2 Bg4 4.d3 Nd7 5.Nbd2 Ngf6 6.h3 Bh5 7.O-O e6 8.b3 a5
9.a3 h6 10.Bb2 Be7 11.e4 dxe4 12.dxe4 O-O 13.Qe2 Qb6 14.e5 Nd5 15.Ne4 Rfd8
16.Rfd1 c5 17.c4 Nc7 18.Qe3 Ne8 19.a4 Rac8 20.g4 Bg6 21.Ne1 Nb8 22.f4 Nc6
23.Nc2 Rxd1+ 24.Rxd1 Rd8 25.Rf1 Nd4 26.Nxd4 cxd4 27.Qd3 Nc7 28.f5 Bh7 29.f6 gxf6
30.exf6 Bf8 31.Kh1 Na6 32.Qg3 d3 33.Nd2 Nc5 34.Be5 Qb4 35.Bf4 Bg6 36.Qe3 Nxb3
37.Nxb3 Qxb3 38.Bxh6 Qa3 39.Bxf8 Qxf8 40.h4 Kh8 41.Rd1 Bh7 42.h5 Qb4 43.Qh6 Qf8
44.Qe3 Qb4  1/2-1/2

[Event "Garmisch"]
[Site "Garmisch"]
[Date "1994.??.??"]
[Round "2"]
[White "Hug, Werner"]
[Black "Lobron, Eric"]
[Result "1-0"]
[WhiteElo "2445"]
[BlackElo "2580"]

1.Nf3 d5 2.g3 c6 3.Bg2 Bg4 4.O-O Nd7 5.d4 e6 6.Nbd2 f5 7.c4 Bd6 8.Qb3 Rb8
9.Re1 Ngf6 10.Ng5 Qe7 11.f3 Bh5 12.e4 h6 13.exf5 e5 14.Ne6 Bf7 15.c5 Nxc5
16.dxc5 Bxc5+ 17.Kh1 Bd6 18.Nxg7+ Kf8 19.Ne6+ Bxe6 20.fxe6 h5 21.Bh3 h4 22.g4 Kg7
23.f4 exf4 24.Nf3 Ne4 25.Nd4 Kg6 26.Qc2 Qf6 27.Rxe4 dxe4 28.Qxe4+  1-0

[Event "Garmisch"]
[Site "Garmisch"]
[Date "1994.??.??"]
[Round "5"]
[White "Hug, Werner"]
[Black "Huebner, Robert"]
[Result "1/2-1/2"]
[WhiteElo "2445"]
[BlackElo "2605"]

1.Nf3 d5 2.g3 c6 3.Bg2 Bg4 4.O-O e6 5.d4 Nd7 6.Nbd2 Ngf6 7.Re1 Be7 8.e4 dxe4
9.Nxe4 O-O 10.Nxf6+ Bxf6 11.c3 Re8 12.Qb3 Qb6 13.Bf4 Bxf3 14.Bxf3 e5 15.dxe5 Nxe5
16.Bxe5 Bxe5 17.Re2 Bd6 18.Qxb6 axb6 19.Rxe8+ Rxe8 20.Rd1 Rd8 21.Kf1 Kf8
22.a3 Ke7 23.h4 f5 24.Bg2  1/2-1/2

[Event "Garmisch"]
[Site "Garmisch"]
[Date "1994.??.??"]
[Round "7"]
[White "Hug, Werner"]
[Black "Hertneck, Gerald"]
[Result "1/2-1/2"]
[WhiteElo "2445"]
[BlackElo "2605"]

1.Nf3 d5 2.g3 Bg4 3.Bg2 e6 4.O-O Nd7 5.c4 c6 6.d3 Ngf6 7.Be3 Bd6 8.Qb3 Qb8
9.Nc3 O-O 10.Rac1 Rd8 11.Rfd1 Bh5 12.d4 h6 13.cxd5 exd5 14.Nh4 Bg4 15.Qc2 Nb6
16.Nf5 Nc4 17.Bxh6 gxh6 18.Nxh6+ Kf8 19.Nxg4 Nxg4 20.Qh7 Nf6 21.Qh6+ Ke7
22.e4 Rh8 23.Qg5 Rh5 24.Qg7 Qh8 25.Qxh8 Raxh8 26.b3 Nb2 27.Rd2 dxe4 28.Nxe4 Nxe4
29.Bxe4 Rxh2  1/2-1/2

[Event "Garmisch"]
[Site "Garmisch"]
[Date "1994.??.??"]
[Round "13"]
[White "Hug, Werner"]
[Black "Lutz, Christopher"]
[Result "1/2-1/2"]
[WhiteElo "2445"]
[BlackElo "2580"]

1.Nf3 d5 2.g3 c6 3.Bg2 Bg4 4.O-O Nd7 5.d4 e6 6.Nbd2 Ngf6 7.Re1 Bd6 8.e4 dxe4
9.Nxe4 Nxe4 10.Rxe4 Nf6 11.Re1 O-O 12.c3 Qc7 13.Qb3 Bxf3 14.Bxf3 Rad8 15.Bg5 Be7
16.Bxf6 Bxf6 17.Re2 g6 18.Kg2 Rd7 19.Qc4 Rfd8 20.a4 a5 21.Rae1 Kg7 22.h4 h5
23.Re4 Qd6 24.R4e2 Rc7 25.Qb3 c5 26.dxc5 Qxc5 27.Rd1 Rxd1 28.Qxd1 b5 29.Qb3 bxa4
30.Qxa4 Rc8 31.Rd2 Rd8 32.Rxd8 Bxd8 33.Qc6 Qxc6  1/2-1/2